| 000 | 00592cam a2200193ua 4500 | ||
|---|---|---|---|
| 001 | 6492 | ||
| 005 | 20260515114047.0 | ||
| 008 | 131216n ii |||gr||||Z||||||eng | ||
| 040 | _cMAIN | ||
| 082 | _a338.7 | ||
| 245 |
_aText book of business organisation and commercial practice _cBy Pranab Kr. Bhattacharjee |
||
| 260 |
_aGuwahati: _bLawyers book stall, _c1996. |
||
| 300 | _ax,323p. | ||
| 653 | _aCommerce | ||
| 653 | _aText book of business organisation and commercial practice | ||
| 700 |
_aBhattacharjee,Pranab Kr., _eAuthor., |
||
| 700 | 1 |
_aSarma,Umesh chandra, _eAuthor. |
|
| 942 | _cBK | ||
| 999 |
_c5636 _d5636 |
||